000
00336nam a2200145Ia 4500
100
_a
Silberschatz/ A/ Galvin/ P.B.
942
_c
BK
654
_a
Operating System
245
_a
Operating Systems Concepts
260
_b
Addison Wesley Pub
_a
New York
_c
1994
082
_a
5.43
_b
PAN
300
_a
896
546
_a
ENGLISH
999
_c
27691
_d
27691